TA-5 Residence (Record no. 12232)
[ view plain ]
| 000 -LEADER | |
|---|---|
| fixed length control field | 00270 a2200121 4500 |
| 008 - FIXED-LENGTH DATA ELEMENTS--GENERAL INFORMATION | |
| fixed length control field | 231110b ||||| |||| 00| 0 eng d |
| 020 ## - INTERNATIONAL STANDARD BOOK NUMBER | |
| International Standard Book Number | 9788957704554 |
| 082 ## - DEWEY DECIMAL CLASSIFICATION NUMBER | |
| Classification number | 728.09051 |
| 100 ## - MAIN ENTRY--PERSONAL NAME | |
| Personal name | Archi |
| 245 ## - TITLE STATEMENT | |
| Title | TA-5 Residence |
| 260 ## - PUBLICATION, DISTRIBUTION, ETC. (IMPRINT) | |
| Name of publisher, distributor, etc | Archiworld |
| Date of publication, distribution, etc | 2013 |
| 942 ## - ADDED ENTRY ELEMENTS (KOHA) | |
| Source of classification or shelving scheme | |
| Withdrawn status | Lost status | Source of classification or shelving scheme | Damaged status | Koha normalized classification for sorting | Not for loan | Permanent location | Current location | Date acquired | Source of acquisition | Cost, normal purchase price | Total Checkouts | Full call number | Barcode | Date last seen | Date last borrowed | Cost, replacement price | Price effective from | Koha item type |
|---|---|---|---|---|---|---|---|---|---|---|---|---|---|---|---|---|---|---|
| 728_090510000000000 | BMS College of Architecture, Design and Planning | BMS College of Architecture, Design and Planning | 2024-01-17 | 10 | 4548.60 | 1 | 728.09051 | AR-UG3490 | 2025-05-14 | 2025-04-24 | 6498.00 | 2024-01-17 | UG Books |